000 01766pam a2200409 i 4500
999 _c1920
_d1920
001 020802621
003 UkOxU
005 20230217154927.0
008 160224s2016 nyua j b 000 0beng c
010 _a2016004363
015 _aGBB675731
_2bnb
016 7 _a017869797
_2Uk
020 _a9781419718724
_qhardback
035 _a(Uk)017869797
040 _aStDuBDS
_beng
_erda
_cStDuBDS
_dUk
_dUkOxU
_dKH8
042 _aukblcatcopy
043 _ae-uk---
082 0 4 _a510.92 ROB
_223
100 1 0 _aRobinson, Fiona,
_eauthor.
245 1 0 _aAda's ideas :
_bthe story of Ada Lovelace, the world's first computer programmer /
_cFiona Robinson.
246 3 0 _aStory of Ada Lovelace, the world's first computer programmer
264 1 _aNew York :
_bAbrams Books for Young Readers,
_c2016.
300 _a1 volume (unnumbered pages) :
_bcolor illustrations ;
_c21 x 29 cm
336 _atext
_2rdacontent
337 _aunmediated
_2rdamedia
338 _avolume
_2rdacarrier
500 _aFormerly CIP.
_5Uk
504 _aIncludes bibliographical references.
520 _a"A picture book biography of mathematician Ada Lovelace, the first computer programmer, by the award-winning author/illustrator Fiona Robinson"--
_cProvided by publisher.
600 1 0 _aLovelace, Ada King,
_cCountess of,
_d1815-1852
_vJuvenile literature.
650 0 _aWomen mathematicians
_zGreat Britain
_vBiography
_vJuvenile literature.
650 0 _aMathematicians
_zGreat Britain
_vBiography
_vJuvenile literature.
650 0 _aWomen computer programmers
_zGreat Britain
_vBiography
_vJuvenile literature.
650 0 _aComputers
_zGreat Britain
_xHistory
_y19th century
_vJuvenile literature.
650 0 _aComputer algorithms
_xHistory
_y19th century
_vJuvenile literature.
942 _2ddc
_cNFIC